LATEX : (Record no. 116)

MARC details
000 -LEADER
fixed length control field 00990cam a2200265 a 4500
001 - CONTROL NUMBER
control field 2525117
005 - DATE AND TIME OF LATEST TRANSACTION
control field 20200421093819.0
008 - FIXED-LENGTH DATA ELEMENTS--GENERAL INFORMATION
fixed length control field 931001s1994 maua bf 001 0 eng
010 ## - LIBRARY OF CONGRESS CONTROL NUMBER
LC control number 93039691
020 ## - INTERNATIONAL STANDARD BOOK NUMBER
International Standard Book Number 0201529831
040 ## - CATALOGING SOURCE
Original cataloging agency DLC
Transcribing agency DLC
Modifying agency DLC
050 00 - LIBRARY OF CONGRESS CALL NUMBER
Classification number Z253.4.L38
Item number L35 1994
082 00 - DEWEY DECIMAL CLASSIFICATION NUMBER
Classification number 686.2/2544536
Edition information 20
100 1# - MAIN ENTRY--PERSONAL NAME
Personal name Lamport, Leslie.
9 (RLIN) 756
245 10 - TITLE STATEMENT
Title LATEX :
Remainder of title a document preparation system : user's guide and reference manual /
Statement of responsibility, etc. Leslie Lamport ; illustrations by Duane Bibby.
250 ## - EDITION STATEMENT
Edition statement 2nd ed.
260 ## - PUBLICATION, DISTRIBUTION, ETC.
Place of publication, distribution, etc. Reading, Mass. :
Name of publisher, distributor, etc. Addison-Wesley Pub. Co.,
Date of publication, distribution, etc. c1994.
300 ## - PHYSICAL DESCRIPTION
Extent xvi, 272 p. :
Other physical details ill. ;
Dimensions 24 cm.
504 ## - BIBLIOGRAPHY, ETC. NOTE
Bibliography, etc. note Includes bibliographical references (p. 235) and index.
630 00 - SUBJECT ADDED ENTRY--UNIFORM TITLE
Uniform title LaTeX (Computer file)
9 (RLIN) 99
650 #0 - SUBJECT ADDED ENTRY--TOPICAL TERM
Topical term or geographic name entry element Computerized typesetting.
9 (RLIN) 100
906 ## - LOCAL DATA ELEMENT F, LDF (RLIN)
a 7
b cbc
c orignew
d 1
e ocip
f 19
g y-gencatlg
942 ## - ADDED ENTRY ELEMENTS (KOHA)
Source of classification or shelving scheme Dewey Decimal Classification
Koha item type Books
Holdings
Withdrawn status Lost status Damaged status Not for loan Collection Home library Current library Shelving location Date acquired Barcode Date last seen Price effective from Koha item type
        Reference Fairview Fairview General stacks 09/04/2014 39999000004656 09/04/2014 09/04/2014 Books
        Reference Midway Midway General stacks 09/04/2014 39999000004670 09/04/2014 09/04/2014 Books
        Reference Midway Midway General stacks 09/04/2014 39999000004694 09/04/2014 09/04/2014 Books
        Reference Midway Midway General stacks 09/04/2014 39999000004717 09/04/2014 09/04/2014 Books